000 00280 a2200121 4500
001 147096
040 _cEscola São Tomás de Aquino
100 _aMACHADO, Ana Maria
240 1 0 _aBesouro e Prata
_lpor
245 1 0 _aBesouro e Prata
697 _a*LITERATURA INFANTO
942 _cBK
999 _c147096
_d147096